Loại hình xí nghiệp "Quan đốc thương biện" : Bước đầu tiến trình cận đại hoá nền kinh tế Trung Quốc /
Guardat en:
| Autor principal: | |
|---|---|
| Format: | Article |
| Idioma: | Vietnamese |
| Matèries: | |
| Etiquetes: |
Afegir etiqueta
Sense etiquetes, Sigues el primer a etiquetar aquest registre!
|
| Thư viện lưu trữ: | Thư viện Trường Đại học Đà Lạt |
|---|
| LEADER | 00848nam a2200265 4500 | ||
|---|---|---|---|
| 001 | DLU090087544 | ||
| 005 | ##20091014 | ||
| 040 | # | # | |a DLU |b vie |
| 041 | # | # | |a vie |
| 044 | # | # | |a vn |
| 100 | # | # | |a Đào Duy Đạt. |
| 245 | # | # | |a Loại hình xí nghiệp "Quan đốc thương biện" : |b Bước đầu tiến trình cận đại hoá nền kinh tế Trung Quốc / |c Đào Duy Đạt. |
| 653 | # | # | |a Công nghiệp hoá |
| 653 | # | # | |a Hiện đại hoá |
| 653 | # | # | |a Phát triển kinh tế |
| 773 | # | # | |t Nghiên cứu lịch sử |g Số 5(300), 1998, tr. 73-82 |
| 920 | # | # | |a Phòng Tạp chí -- Trung tâm Thông tin - Thư viện Trường Đại học Đà Lạt |
| 994 | # | # | |a DLU |
| 900 | # | # | |a True |
| 911 | # | # | |a Nguyễn Thị Linh Chi |
| 925 | # | # | |a G |
| 926 | # | # | |a A |
| 927 | # | # | |a BB |
| 980 | # | # | |a Thư viện Trường Đại học Đà Lạt |